000 00936nam a22002777a 4500
001 BR9100122
003 BR-BrBNA
005 20230928093452.0
007 ta
008 230509b bl.||||| |||| 00| 0 por d
040 _aBR-BrBNA
_bpor
_cBiblioteca Nacional de Agricultura
041 _a(Por)
072 _aL01; L10
_b5110
090 _ 5110 BR9100122
100 1 _aRoca, M.I.C.
110 1 _aUniversidade Federal de Minas Gerais, Belo Horizonte (Brasil). Escola de Veterinaria
_0Tese (Mestrado)
245 1 _aCaracterizacao do cariotipo de jumentos da raca Pega (Equus asinus, L.)pela utilizacao de tecnicas de bandamento cromossomico
260 3 _aBelo Horizonte, MG (Brasil):
_c1990.
300 _a83 p.
500 _aBibliography p. 61-69 (60 ref.); Summary (Por); 13 illus.; 5 tables
650 _aJUMENTO
650 _aCARIOTIPO
650 _aGENETICA ANIMAL
909 _a202309
_bLucia
_c55
_dLucia Elande
942 _cBK
999 _c45181
_d45181